The enemy at the gate : (Record no. 55288)
[ view plain ]
| 000 -LEADER | |
|---|---|
| fixed length control field | 01590nam a22002537a 4500 |
| 008 - FIXED-LENGTH DATA ELEMENTS--GENERAL INFORMATION | |
| fixed length control field | 200204b ||||| |||| 00| 0 eng d |
| 020 ## - INTERNATIONAL STANDARD BOOK NUMBER | |
| International Standard Book Number | 9781844137411 |
| 050 ## - LIBRARY OF CONGRESS CALL NUMBER | |
| Classification number | CB251 |
| Item number | .W44 2009 |
| 100 ## - MAIN ENTRY--PERSONAL NAME | |
| Personal name | Wheatcroft, Andrew |
| 245 ## - TITLE STATEMENT | |
| Title | The enemy at the gate : |
| Remainder of title | Habsburgs, Ottomans and the battle for Europe / |
| Statement of responsibility, etc | Andrew Wheatcroft |
| 246 ## - VARYING FORM OF TITLE | |
| Title proper/short title | Habsburgs, Ottomans and the battle for Europe |
| 260 ## - PUBLICATION, DISTRIBUTION, ETC. (IMPRINT) | |
| Place of publication, distribution, etc | New York : |
| Name of publisher, distributor, etc | Basic Books, |
| Date of publication, distribution, etc | 2009 |
| 300 ## - PHYSICAL DESCRIPTION | |
| Extent | xxv, 339 pages, [16] pages of plates : |
| Other physical details | illustrations, maps, plans ; |
| Dimensions | 24 cm |
| 500 ## - GENERAL NOTE | |
| General note | Originally published: London : Bodley Head, 2008 |
| 500 ## - GENERAL NOTE | |
| General note | Includes bibliographical references and index |
| 505 ## - FORMATTED CONTENTS NOTE | |
| Formatted contents note | Terror in the East -- A call to arms -- Turks and Tartars -- A plague on the land -- Taking the road to war -- The adversaries -- 'Rise up, rise up ye Christians' -- The pit of hell -- 'A flood of black pitch' -- A holy war? -- Storming Buda -- The age of heroes -- Myth displacing history |
| 520 ## - SUMMARY, ETC. | |
| Summary, etc | The Great Siege of Vienna is the centerpiece for historian Andrew Wheatcroft's richly drawn portrait of the centuries -long rivalry between the Ottoman and Habsburg empires for control of the European continent. A gripping work by a master historian, The Enemy at the Gate offers a timely examination of an epic clash of civilizations |
| 650 ## - SUBJECT ADDED ENTRY--TOPICAL TERM | |
| Topical term or geographic name as entry element | East and West |
| 651 ## - SUBJECT ADDED ENTRY--GEOGRAPHIC NAME | |
| Relator term | Vienna (Austria) |
| Source of heading or term | History |
| Form subdivision | Siege, |
| Chronological subdivision | 1683 |
| 651 ## - SUBJECT ADDED ENTRY--GEOGRAPHIC NAME | |
| Relator term | Turkey |
| General subdivision | Foreign relations |
| Geographic subdivision | Europe |
| 651 ## - SUBJECT ADDED ENTRY--GEOGRAPHIC NAME | |
| Relator term | Europe |
| General subdivision | Foreign relations |
| Geographic subdivision | Turkey |
| 651 ## - SUBJECT ADDED ENTRY--GEOGRAPHIC NAME | |
| Relator term | Europe |
| General subdivision | Foreign relations |
| Chronological subdivision | 1648-1715 |
| 942 ## - ADDED ENTRY ELEMENTS (KOHA) | |
| Source of classification or shelving scheme | Library of Congress Classification |
| Item type | Book |
| Withdrawn status | Lost status | Source of classification or shelving scheme | Damaged status | Not for loan | Collection code | Home library | Current library | Shelving location | Date acquired | Source of acquisition | Cost, normal purchase price | Total Checkouts | Full call number | Barcode | Copy number | Price effective from | Koha item type |
|---|---|---|---|---|---|---|---|---|---|---|---|---|---|---|---|---|---|
| Library of Congress Classification | Non-fiction | Bishop Okullu Memorial Library (Limuru Campus) | Bishop Okullu Memorial Library (Limuru Campus) | General Circulation | 04/02/2020 | Donations - Banabas Fund | 1632.00 | CB251 .W44 2009 | 063770 | 1 | 04/02/2020 | Book |